Statystyki dla Wygrana w Tańcu z Gwiazdami- tancerze

Kliknij tutaj aby rozwiązać quiz!

Ogólne statystyki

  • Ten quiz został rozwiązany 5 razy
  • Średni wynik to 15 z 26

Statystyki odpowiedzi

EdycjaTancerze% Poprawnych
14 POLSATStefano Terrazzino
100%
15 POLSATStefano Terrazzino
100%
4 TVNStefano Terrazzino
100%
8 TVNStefano Terrazzino
100%
25 POLSATHanna Żudziewicz
75%
19 POLSATHanna Żudziewicz
75%
18 POLSATJacek Jeschke
75%
22 POLSATJan Kliment
75%
21 POLSATJan Kliment
75%
20 POLSATJan Kliment
75%
1 TVNKamila Kajak
75%
5 TVNKamila Kajak
75%
2 TVNMarcin Hakiel
75%
12 TVNRafał Maserak
75%
11 TVNRafał Maserak
75%
10 TVNRafał Maserak
75%
13 TVNAnna Głogowska
50%
7 TVNCezary Olszewski
50%
17 POLSATTomasz Barański
50%
16 POLSATAgnieszka Kaczorowska
25%
23 POLSATJanja Lesar
25%
6 TVNŁukasz Czarnecki
25%
9 TVNAndrej Mosejcuk
0%
3 TVNAneta Piotrowska
0%
24 POLSATMichał Bartkiewicz
0%
26 POLSATRobert Rowiński
0%

Rozkład punktacji

Percentyl według liczby udzielonych odpowiedzi

Procent ludzi z każdym wynikiem

Twoja historia wyników

Nie rozwiązałeś tego quizu